000 00288nam a22001337a 4500
008 171005b xxu||||| |||| 00| 0 eng d
020 _a0123807506
041 _aeng
080 _a519.9
100 _a48
101 _aPSI
245 _aPSYCHOLOGICAL STRESS
_cJANIS,I.L
942 _2udc
_cBK
999 _c31892
_d31892